Statistics for Easy Geography Knowledge #1

Click here to take the quiz!

General Stats

  • This quiz has been taken 103 times
    (84 since last reset)
  • The average score is 8 of 15

Answer Stats

QuestionAnswer% Correct
What's the Capital of Canada?Ottawa
91%
What's the largest U.S State by Land Area?Alaska
88%
Mesopotamia was located in which Continent?Asia
82%
2nd largest city in Spain by Population?Barcelona
79%
This Continent only contains 12 Countries in it?South America
79%
In which city is the EU Headquarters located in?Brussels
72%
What's the large Eastern portion of Russia called?Siberia
64%
The only Trans-continental city in the World?Istanbul
57%
Most recent country to gain independence?South Sudan
52%
This Country fought the Seven years War in the 1700's against the British?France
51%
The Capital of Costa Rica?San Jose
37%
Most Southern Country in Asia?East Timor
33%
This Country has the 4th Smallest Unemployment rate in the Balkans?Albania
25%
Who was the Last British Colony to gain independence in Africa?Zimbabwe
9%
What's the name of the people group located in Southwestern Russia, near Georgia?Chechen
6%

Score Distribution

Percentile by Number Answered

Percent of People with Each Score

Your Score History

You have not taken this quiz since the last reset